000 00650nam a2200253Ia 4500
003 GCL
008 140319s9999 xx 000 0 eng d
040 _aGCL /
_cGCL
082 0 4 _aCC
_b598
_bH B
100 1 _aHOULIHAN, PATRICK F.
245 1 0 _aTHE BIRDS OF ANCIENT EGYPT /
_cHOULIHAN, PATRICK F.
260 _a[S.N] :
_bTHE AMERICAN UNIVERSITY IN CAIRO PRESS ،
_c1988
300 _a191 PP
650 0 4 _aBIRDS
650 0 4 _aEGYPT
650 0 4 _aANCIENT EGYPT
650 0 4 _aHISTORY
650 0 4 _aART
650 0 4 _aEGYPTOLOGY
650 0 4 _aORNITHOLOGY
650 0 4 _aEGYPT - HISTORY
650 0 4 _aEGYPT - CIVILIZATION
942 _2ddc
_cBK
999 _c11832
_d11832